FUNDAMENTALS OF ANALYTICAL CHEMISTRY (Record no. 190282)
[ view plain ]
| 000 -LEADER | |
|---|---|
| fixed length control field | 00249nam a2200097Ia 4500 |
| 050 ## - LIBRARY OF CONGRESS CALL NUMBER | |
| Classification number | QD 75.2 .F86 2004 |
| 100 ## - MAIN ENTRY--PERSONAL NAME | |
| Personal name | SKOOG DOUGLAS A. |
| 245 #0 - TITLE STATEMENT | |
| Title | FUNDAMENTALS OF ANALYTICAL CHEMISTRY |
| 942 ## - ADDED ENTRY ELEMENTS (KOHA) | |
| Koha item type | Long Loan Book |
| Withdrawn status | Lost status | Source of classification or shelving scheme | Damaged status | Not for loan | Collection | Home library | Current library | Shelving location | Date acquired | Inventory number | Total checkouts | Full call number | Barcode | Date last seen | Date last checked out | Copy number | Price effective from | Koha item type |
|---|---|---|---|---|---|---|---|---|---|---|---|---|---|---|---|---|---|---|
| Library of Congress Classification | Science & Technology | Kisii University Library | Kisii University Library | On Display | 09/05/2024 | 79800 | 1 | QD 75.2 .F86 2004 | 014565 | 03/10/2025 | 02/24/2025 | C.9 | 09/05/2024 | Long Loan Book | ||||
| Library of Congress Classification | Science & Technology | Kisii University Library | Kisii University Library | On Display | 09/05/2024 | 79792 | QD 75.2 .F86 2004 | 012204 | 09/05/2024 | C.1 | 09/05/2024 | Long Loan Book | ||||||
| Library of Congress Classification | Science & Technology | Kisii University Library | Kisii University Library | On Display | 09/05/2024 | 79796 | 1 | QD 75.2 .F86 2004 | 014564 | 09/24/2024 | 09/11/2024 | C.5 | 09/05/2024 | Long Loan Book | ||||
| Library of Congress Classification | Science & Technology | Kisii University Library | Kisii University Library | On Display | 09/05/2024 | 79798 | 1 | QD 75.2 .F86 2004 | 000000010925 | 03/07/2025 | 03/04/2025 | C.7 | 09/05/2024 | Long Loan Book |